| 000 | 00501nam a2200157Ia 4500 | ||
|---|---|---|---|
| 008 | 231217s9999 xx 000 0 und d | ||
| 041 | _aEnglish | ||
| 082 | _a338.2 VED;1 R | ||
| 100 | _aVedpuriswar, A V ed. | ||
| 245 | 0 | _aHeavy industries : Hitachi, Indal, Nippon steel, Nucor corporation, Voltas | |
| 260 |
_c2002 _bJaico _aMumbai |
||
| 300 | _axii, 181+xiv | ||
| 400 | _aCase study series | ||
| 650 | _aHeavy,industries,Hitachi,,Indal,,Nippon,steel,,Nucor,corporation,,Voltas | ||
| 942 | _cAA | ||
| 999 |
_c187684 _d187684 |
||